Final Fantasy X Grab Bag Quiz Stats

Quiz not verified by Sporcle

Challenge
Share
Tweet
Embed
Score 0/101 Timer 14:00
0 Plays Today
% Correct
Yuna
98.1%
Yuna
98.1%
Tidus
97.7%
Wakka
97.1%
Lulu
96.5%
Auron
96.2%
Rikku
95.9%
Ifrit
95%
Shiva
94.9%
Bahamut
92.3%
Ixion
91.4%
Anima
91%
Valefor
90.6%
Kimahri
89.9%
Yojimbo
89.8%
Sword
89.7%
Magus Sisters
89.5%
Seymour
88%
Seymour
88%
Fire
87.5%
Thunder
86.8%
Blizzard
86.3%
Water
85.6%
Besaid Temple
84.8%
Blitzball
83.8%
Doll
78.8%
Aurochs
77.8%
Spear
76.3%
Kilika Temple
75.2%
Braska
70.4%
Goers
69.2%
Mika
66.5%
Shield
66.1%
Macalania Temple
65.7%
% Correct
Rod
65.6%
Bevelle Temple
65.5%
Djose Temple
63.6%
Zanarkand
63.1%
Hellfire
62.2%
Mix
61%
Psyches
58%
Beasts
57.9%
Katana
57.4%
Diamond Dust
57.2%
Grand Summon
57%
Yunalesca
55%
Godhand
54.2%
Onion Knight
53.9%
Masamune
53.8%
Abes
52.8%
Dona
52.1%
Energy Ray
51.8%
Nirvana
51.7%
Ring
51.4%
Mega Flare
50.5%
Kinoc
50.2%
Bracer
50%
Swordplay
49.7%
Slots
49.6%
Claw
49.2%
Bushido
48.8%
Caladbolg
48.5%
Fury
46.9%
Thor's Hammer
46.6%
Energy Blast
46.3%
Baaj Temple
46.1%
Oblivion
45.5%
Ronso Rage
45.5%
% Correct
World Champion
44.9%
Targe
44.3%
Glories
43.4%
Bangle
43.1%
Fangs
42.7%
Delta Attack
42.4%
Lucil
42.4%
Kelk
41.5%
Cavern of the Stolen Fayth
41.5%
Spirit Lance
39.8%
Jyscal
39.7%
Armguard
39.6%
Isaaru
39.4%
Clasko
39%
Gatta
37.9%
Remiem Temple
37.8%
Luzzu
37.6%
Armlet
35.1%
Elma
34.2%
Belgemine
31.2%
Ohalland
27%
Crusaders
23.9%
Chappu
22.9%
Summoners
21.4%
Lord Mi'ihen
21.2%
Duggles
19.8%
Zuke
16.6%
Yocun
15.2%
Warrior Monks
15%
Guardians
13.7%
Ginnem
13.3%
Gandof
11%
Crimson Squad
9.9%

You're not logged in!

Compare scores with friends on all Sporcle quizzes.
Join for Free
OR
Log In

You Might Also Like...

Show Comments

Extras

Top Quizzes Today


Score Distribution

Your Account Isn't Verified!

In order to create a playlist on Sporcle, you need to verify the email address you used during registration. Go to your Sporcle Settings to finish the process.

Report this User

Report this user for behavior that violates our Community Guidelines.

Details: